header

International criminal justice in Africa, 2019 (Record no. 263594)

MARC details
000 -LEADER
fixed length control field 00674nam a22001937a 4500
003 - CONTROL NUMBER IDENTIFIER
control field OSt
005 - DATE AND TIME OF LATEST TRANSACTION
control field 20240712142837.0
008 - FIXED-LENGTH DATA ELEMENTS--GENERAL INFORMATION
fixed length control field 240509b xxu||||| |||| 00| 0 eng d
020 ## - INTERNATIONAL STANDARD BOOK NUMBER
International Standard Book Number 9789966054234
040 ## - CATALOGING SOURCE
Transcribing agency DLC
050 ## - LIBRARY OF CONGRESS CALL NUMBER
Classification number K9
Item number .N8224 2020
245 ## - TITLE STATEMENT
Title International criminal justice in Africa, 2019
260 ## - PUBLICATION, DISTRIBUTION, ETC. (IMPRINT)
Place of publication, distribution, etc Nairobi :
Name of publisher, distributor, etc Strathmore University Press : Konrad-Adenauer-Stiftung
Date of publication, distribution, etc 2020
300 ## - PHYSICAL DESCRIPTION
Extent volumes ;
Dimensions |c 24 cm
310 ## - CURRENT PUBLICATION FREQUENCY
Current publication frequency Annual
500 ## - GENERAL NOTE
General note Edited by HJ van der Merwe and Gerhard Kemp, <2016- >
General note Papers by members of the Konrad Adenauer Stiftung's African Group of Experts on International Criminal Justice.
942 ## - ADDED ENTRY ELEMENTS (KOHA)
Source of classification or shelving scheme Library of Congress Classification
Koha item type Long Loan Books
Holdings
Withdrawn status Lost status Source of classification or shelving scheme Damaged status Not for loan Collection code Home library Current library Shelving location Date acquired Total Checkouts Full call number Barcode Date last seen Price effective from Koha item type
    Library of Congress Classification     Non-fiction Rongo University Library Law Library General Stacks 09/05/2024   K9 .N8224 2020 202400826 09/05/2024 09/05/2024 Long Loan Books
    Library of Congress Classification     Non-fiction Rongo University Library Law Library General Stacks 28/05/2024   K9 .N8224 2020 202400954 28/05/2024 28/05/2024 Long Loan Books
    Library of Congress Classification     Non-fiction Rongo University Library Law Library General Stacks 28/05/2024   K9 .N8224 2020 202400946 28/05/2024 28/05/2024 Long Loan Books

© 2026 Rongo University
Contact us: librarian | system librarian | Rongo university